000 00254nam a2200097Ia 4500
001 1046386
005 20250826232216.0
008 250824s9999 xx 000 0 und d
245 0 _aTÜRKİYEDE BEŞ SENE
_cLIMAN VON SANDERS
260 _bYEDİTEPE YAYINLARI
999 _c1046386
_d1046386